Finite Rayleigh length in Compton backscattering; Nuclear Instruments and Methods in Physics Research Section A: Accelerators, Spectrometers, Detectors and Associated Equipment; Vol. 1073

Bibliographische Detailangaben
Parent link:Nuclear Instruments and Methods in Physics Research Section A: Accelerators, Spectrometers, Detectors and Associated Equipment.— .— Amsterdam: Elsevier Science Publishing Company Inc.
Vol. 1073.— 2025.— Article number 170314, 4 p.
1. Verfasser: Gavrilenko D. V. Dmitry Vladimirovich
Weitere Verfasser: Potylitsyn A. P. Alexander Petrovich, Tishchenko A. A.
Zusammenfassung:Title screen
In this paper, an approach is proposed to take into account the influence of the finite Rayleigh length of a laser beam on the number of scattered photons in the process of inverse Compton scattering. The method is based on the calculation of the overlap integral between the particle distribution density functions in electron and photon beams, taking into account the change in their sizes and in a total cross section during the collision. It is shown that this effect can have a significant impact on the total number of scattered photons, reducing it. It occurs even at the Rayleigh lengths exceeding the dimensions of the interaction region. We estimated the effect for the parameters of LUXE facility and found it to be very weak. At the same time, for Gauss-Laguerre beams, in which due to the superoscillation effect the Rayleigh length seems to be able to reach very small values, we predict that the effect of the finite Rayleigh length in Compton backscattering will be very distinct, reaching about 20% or more
Текстовый файл
AM_Agreement
Sprache:Englisch
Veröffentlicht: 2025
Schlagworte:
Online-Zugang:https://doi.org/10.1016/j.nima.2025.170314
Format: MixedMaterials Elektronisch Buchkapitel
KOHA link:https://koha.lib.tpu.ru/cgi-bin/koha/opac-detail.pl?biblionumber=681730

MARC

LEADER 00000naa0a2200000 4500
001 681730
005 20250922154137.0
090 |a 681730 
100 |a 20250922d2025 k||y0rusy50 ba 
101 0 |a eng 
102 |a NL 
135 |a drcn ---uucaa 
181 0 |a i   |b  e  
182 0 |a b 
183 0 |a cr  |2 RDAcarrier 
200 1 |a Finite Rayleigh length in Compton backscattering  |f Dmitrii V. Gavrilenko, Alexander P. Potylitsyn, Alexey A. Tishchenko  
203 |a Текст  |b визуальный  |c электронный 
283 |a online_resource  |2 RDAcarrier 
300 |a Title screen 
320 |a References: 15 tit 
330 |a In this paper, an approach is proposed to take into account the influence of the finite Rayleigh length of a laser beam on the number of scattered photons in the process of inverse Compton scattering. The method is based on the calculation of the overlap integral between the particle distribution density functions in electron and photon beams, taking into account the change in their sizes and in a total cross section during the collision. It is shown that this effect can have a significant impact on the total number of scattered photons, reducing it. It occurs even at the Rayleigh lengths exceeding the dimensions of the interaction region. We estimated the effect for the parameters of LUXE facility and found it to be very weak. At the same time, for Gauss-Laguerre beams, in which due to the superoscillation effect the Rayleigh length seems to be able to reach very small values, we predict that the effect of the finite Rayleigh length in Compton backscattering will be very distinct, reaching about 20% or more 
336 |a Текстовый файл 
371 0 |a AM_Agreement 
461 1 |t Nuclear Instruments and Methods in Physics Research Section A: Accelerators, Spectrometers, Detectors and Associated Equipment  |c Amsterdam  |n Elsevier Science Publishing Company Inc. 
463 1 |t Vol. 1073  |v Article number 170314, 4 p.  |d 2025 
610 1 |a электронный ресурс 
610 1 |a труды учёных ТПУ 
610 1 |a Compton backscattering 
610 1 |a Rayleigh length 
610 1 |a Gauss-Laguerr beams 
700 1 |a Gavrilenko  |b D. V.  |g Dmitry Vladimirovich 
701 1 |a Potylitsyn  |b A. P.  |c Russian physicist  |c Professor of the TPU  |f 1945-  |g Alexander Petrovich  |9 12068 
701 1 |a Tishchenko  |b A. A. 
801 0 |a RU  |b 63413507  |c 20250922 
850 |a 63413507 
856 4 |u https://doi.org/10.1016/j.nima.2025.170314  |z https://doi.org/10.1016/j.nima.2025.170314 
942 |c CF